000 00930nam a2200325 a 4500
003 AR-BaBNM
005 20251128210343.0
008 082120s2002 ||||||||||||||000 | spa||
020 _a84-329-9431-6
040 _cAR-BaBNM
100 1 _aMira, María Rosa
245 0 0 _aMatemática "viva" en el parvulario
250 _a2ª ed.
260 _aBarcelona
_bCEAC
_c1995
300 _a103 p.
_bgráfs., il.
490 0 _aEducación y Enseñanza. Preescolar
504 _aContiene bibliografía p. 99-100
650 4 _aENSEÑANZA DE LAS MATEMATICAS
650 4 _aPSICOLOGIA DEL NIÑO
650 4 _aFORMACION DE CONCEPTOS
650 4 _aCONCEPTOS MATEMATICOS
650 4 _aDESARROLLO INTELECTUAL
650 4 _aMETODOS DE ENSEÑANZA
650 4 _aACTIVIDADES DE APRENDIZAJE
653 _aCONSTRUCTIVISMO
653 _aEDUCACION INICIAL
800 1 _aSarramona, Jaume
_edirector
942 _cBK
998 _cRaquel
999 _c15095
_d15095